|
|
|
|
| LEADER |
00000cam a22000004a 4500 |
| 001 |
musev2_29931 |
| 003 |
MdBmJHUP |
| 005 |
20230905043152.0 |
| 006 |
m o d |
| 007 |
cr||||||||nn|n |
| 008 |
090916s2007 nju o 00 0 eng d |
| 020 |
|
|
|a 9781400827299
|
| 020 |
|
|
|z 9780691122878
|
| 020 |
|
|
|z 9780691173511
|
| 035 |
|
|
|a (OCoLC)436878096
|
| 040 |
|
|
|a MdBmJHUP
|c MdBmJHUP
|
| 100 |
1 |
|
|a Markovits, Andrei S.,
|e author.
|
| 245 |
1 |
0 |
|a Uncouth Nation :
|b Why Europe Dislikes America /
|c Andrei S. Markovits.
|
| 264 |
|
1 |
|a Princeton :
|b Princeton University Press,
|c 2007.
|
| 264 |
|
3 |
|a Baltimore, Md. :
|b Project MUSE,
|c 2015
|
| 264 |
|
4 |
|c ©2007.
|
| 300 |
|
|
|a 1 online resource (302 pages).
|
| 336 |
|
|
|a text
|b txt
|2 rdacontent
|
| 337 |
|
|
|a computer
|b c
|2 rdamedia
|
| 338 |
|
|
|a online resource
|b cr
|2 rdacarrier
|
| 490 |
0 |
|
|a The public square
|
| 505 |
0 |
0 |
|t Foreword --
|t Preface --
|t Introduction --
|g ch. 1.
|t Anti-Americanism as a European lingua franca --
|g ch. 2.
|t European anti-Americanism : a brief historical overview --
|g ch. 3.
|t The perceived "Americanization" of all aspects of European lives : a discourse of irritation and condescension --
|g ch. 4.
|t The massive waning of America's image in the eyes of Europe and the world --
|g ch. 5.
|t "Twin brothers" : European anti-Semitism and anti-Americanism --
|g ch. 6.
|t Anti-Americanism : a necessary and welcomed spark to jump-start a European identity? --
|t Notes --
|t Index.
|
| 520 |
|
|
|a No survey can capture the breadth and depth of the anti-Americanism that has swept Europe in recent years. From ultraconservative Bavarian grandmothers to thirty-year-old socialist activists in Greece, from globalization opponents to corporate executives--Europeans are joining in an ever louder chorus of disdain for America. For the first time, anti-Americanism has become a European lingua franca. In this sweeping and provocative look at the history of European aversion to America, Andrei Markovits argues that understanding the ubiquity of anti-Americanism since September 11, 2001, requires an.
|
| 588 |
|
|
|a Description based on print version record.
|
| 650 |
1 |
7 |
|a Antisemitisme.
|2 gtt
|
| 650 |
1 |
7 |
|a Anti-Amerikanisme.
|2 gtt
|
| 650 |
|
7 |
|a Antiamerikanismus
|2 gnd
|
| 650 |
|
7 |
|a International relations.
|2 fast
|0 (OCoLC)fst00977053
|
| 650 |
|
7 |
|a Civilization
|x American influences.
|2 fast
|0 (OCoLC)fst00862901
|
| 650 |
|
7 |
|a Anti-Americanism.
|2 fast
|0 (OCoLC)fst00810284
|
| 650 |
|
7 |
|a POLITICAL SCIENCE
|x International Relations
|x Diplomacy.
|2 bisacsh
|
| 650 |
|
7 |
|a POLITICAL SCIENCE
|x Globalization.
|2 bisacsh
|
| 650 |
|
6 |
|a Antiamericanisme
|z Europe.
|
| 650 |
|
0 |
|a Anti-Americanism
|z Europe.
|
| 651 |
|
7 |
|a Europa.
|2 swd
|
| 651 |
|
7 |
|a Verenigde Staten.
|2 gtt
|
| 651 |
|
7 |
|a West-Europa.
|2 gtt
|
| 651 |
|
7 |
|a Europa
|2 gnd
|
| 651 |
|
7 |
|a United States.
|2 fast
|0 (OCoLC)fst01204155
|
| 651 |
|
7 |
|a Europe.
|2 fast
|0 (OCoLC)fst01245064
|
| 651 |
|
6 |
|a Europe
|x Civilisation
|x Influence americaine.
|
| 651 |
|
6 |
|a États-Unis
|x Relations
|z Europe.
|
| 651 |
|
6 |
|a Europe
|x Relations
|z États-Unis.
|
| 651 |
|
0 |
|a Europe
|x Civilization
|x American influences.
|
| 651 |
|
0 |
|a United States
|x Relations
|z Europe.
|
| 651 |
|
0 |
|a Europe
|x Relations
|z United States.
|
| 655 |
|
7 |
|a Electronic books.
|2 local
|
| 710 |
2 |
|
|a Project Muse.
|e distributor
|
| 830 |
|
0 |
|a Book collections on Project MUSE.
|
| 856 |
4 |
0 |
|z Texto completo
|u https://projectmuse.uam.elogim.com/book/29931/
|
| 945 |
|
|
|a Project MUSE - Custom Collection
|
| 945 |
|
|
|a Project MUSE - Archive Complete Supplement III
|
| 945 |
|
|
|a Project MUSE - Archive Political Science and Policy Studies Supplement III
|